Atmospheric dispersion modeling compliance guide /
Guardado en:
| Autor Principal: | |
|---|---|
| Otros Autores: | |
| Formato: | Libro |
| Idioma: | English |
| Publicado: |
New York :
McGraw-Hill,
c2000.
|
| Materias: | |
| Acceso en línea: | Descripción |
| Etiquetas: |
Agregar Etiqueta
Sin Etiquetas, Sea el primero en etiquetar este registro!
|
| LEADER | 01046cam a22002895a 4500 | ||
|---|---|---|---|
| 001 | EIQ.libpla003349 | ||
| 008 | 990618s2000####nyua##########001#0#eng#d | ||
| 005 | 20071204200417.0 | ||
| 245 | 1 | 0 | |a Atmospheric dispersion modeling compliance guide / |c Karl B. Schnelle, Jr., Partha R. Dey. |
| 260 | |a New York : |b McGraw-Hill, |c c2000. | ||
| 300 | |a 1 v. (en varias paginaciones) : |b il. ; |c 24 cm. + |e 1 CD-ROM. | ||
| 500 | |a Incluye índice. | ||
| 020 | |a 0070580596 | ||
| 100 | 1 | |a Schnelle, Karl B. | |
| 700 | 1 | |a Dey, Partha R. | |
| 082 | 0 | 0 | |a 628.5/3 |2 21 |
| 650 | 4 | |a Aire |x Polución. | |
| 650 | 4 | |a Aire |x Contaminación. | |
| 650 | 4 | |a Aire |x Modelos matemáticos. | |
| 650 | 4 | |a Difusión atmosférica |x Modelos matemáticos. | |
| 650 | 4 | |a Air |x Pollution. | |
| 650 | 4 | |a Air |x Mathematical models. | |
| 650 | 0 | |a Atmospheric diffusion |x Mathematical models. | |
| 010 | |a 99037607 | ||
| 040 | |a DLC |c DLC |d AR-BbSID | ||
| 856 | 4 | 2 | |3 Descripción |u http://www.loc.gov/catdir/description/mh023/99037607.html |
| 859 | |a AR-BbSID |b BIB. PLAPIQUI |h 628.53 |i Sch 57 |p 5598 | ||
